| 000 | 00756nam a2200169 a 4500 | ||
|---|---|---|---|
| 001 | 000031731 | ||
| 005 | 20240228185352.0 | ||
| 008 | 110630s2000 dr a 000 e spa d | ||
| 040 |
_aDO-SdBNP _bspa _cBNPHU |
||
| 082 |
_axxx _bA948t |
||
| 100 | 1 |
_aAvelino , Francisco Antonio, _d1935- _955440 |
|
| 245 | 1 | 0 |
_aTres ensayos : _bel manifiesto comunista de 1848 visto desde la perspectiva del ocaso del siglo XX. Martí hispanoamericanista, periodista pensador. Influencia del jainismo en la acción política y el pensamiento de Gandhi / _cFrancisco Antonio Avelino. |
| 260 |
_aSanto Domingo : _bAcademia de Ciencias de la República Dominicana, _c2000. |
||
| 300 |
_a62 p. : _bil. ; _c21 cm. |
||
| 500 | _aIncluye notas al pie de las páginas. | ||
| 049 | _aBNPD | ||
| 999 |
_c31223 _d31223 |
||